000
00344pab a2200145 454500
008
180718b2017 xxu||||| |||| 00| 0 eng d
100
_a
Mukherjee, Dhurjati
245
_a
Right thrust on rural revamping
260
_c
2017
300
_a
p.12-15.
362
_a
Mar
650
_a
Rural development
773
_a
Kurukshetra
909
_a
115930
999
_c
115924
_d
115924